000 00562nam a2200229Ia 4500
003 OSt
005 20221005121342.0
006 a|||||r|||| 00| 0
007 ta
008 221004b |||||||| |||| 00| 0 kan d
024 _a59782
037 _cTextual
040 _aCRL
_cCRL
_bkan
041 _2kan
_akan
082 _aO33,1NHEx, L1
100 _aHegde Au.
_9630449
245 0 _aHadunte nanne madillali
260 _c1971
650 _aKANNAD POETRY
942 _hO33,1NHEx, L1
_cTEXL
_2cc
999 _c1040871
_d1040871